000 00434nam a22001697a 4500
005 20180710094649.0
008 160526b xxu||||| |||| 00| 0 eng d
020 _a0-07-048686-7
041 _aeng
082 _b5045
_a658.15
100 _aStephen, A Ross and others
_94487
245 _aFundamentals OF Corporate Finance
260 _aNew Delhi
_bAcademic Faundation
300 _a776P,
650 _aManagement
_9241
942 _cBK
999 _c1764
_d1763